000 01388nam a22003857a 4500
003 CHAP
005 20220329135628.0
008 971013s1995 r 00010 d
010 _a39613
011 _a40585
035 _a44711
040 _cCHAP
090 _aTesis
100 0 0 _aDelgado Matus, Alberto.
_931632
245 _aEpoca de cosecha, almacenamiento y calidad fisiológica de la semilla de sorgo (Sorghum bicolor L. Moench)
260 _aChapingo, Méx. :
_bEl autor,
_c1995
300 _a85 h.
_b: ilus.
502 _aTesis (Ing. Agr. Esp. en Fitotecnia) -- UACH. Departamento de Fitotecnia
590 _aALEPH
_b10
_c20130110
_lUCH01
_h1307
590 _aBATCH-UPD
_b10
_c20130110
_lUCH01
_h0001
590 _aBATCH-UPD
_b10
_c20130110
_lUCH01
_h0839
590 _aBATCH-UPD
_b10
_c20130409
_lUCH01
_h1936
590 _aBATCH-UPD
_b10
_c20130410
_lUCH01
_h0517
590 _aBATCH-UPD
_b10
_c20130914
_lUCH01
_h2018
590 _aCONVERSION
_b10
_c20130109
_lUCH01
_h1322
650 1 4 _aSemillas
_xAlmacenamiento.
_9103875
650 1 4 _aSemillas
_xFisiología y morfología.
_9103902
650 1 4 _aSorgo
_xFisiología y morfología.
_9108671
650 1 4 _aSorgo
_xGerminación.
_9108674
650 1 4 _aSorgo
_xSemilla.
_9108720
901 _aBK
942 _cFOLL
949 _bBC
_cTES
_d-102457
_eTS1
_h27923
_i44711
_si
949 _bBC
_cTES
_d33724000005104
_eTS2
_fc.2
_h27924
_i44711
_si
999 _c39613
_d39613